<?xml version="1.0" encoding="UTF-8"?>
<collection xmlns="http://www.loc.gov/MARC21/slim">
 <record>
  <leader>     na                 </leader>
  <controlfield tag="001">INLIS000000000003286</controlfield>
  <controlfield tag="005">20250707023534</controlfield>
  <controlfield tag="008">250707                g          0 ind  </controlfield>
  <datafield tag="020" ind1=" " ind2=" ">
   <subfield code="a">979-526-202-5</subfield>
  </datafield>
  <datafield tag="035" ind1=" " ind2=" ">
   <subfield code="a">0010-0621002886</subfield>
  </datafield>
  <datafield tag="082" ind1=" " ind2=" ">
   <subfield code="a">001.415 07</subfield>
  </datafield>
  <datafield tag="084" ind1=" " ind2=" ">
   <subfield code="a">001.415 07 SUD m</subfield>
  </datafield>
  <datafield tag="100" ind1="0" ind2=" ">
   <subfield code="a">Sudarwan Danim</subfield>
  </datafield>
  <datafield tag="245" ind1="1" ind2=" ">
   <subfield code="a">Metode Penelitian Untuk Ilmu-ilmu Prilaku</subfield>
  </datafield>
  <datafield tag="260" ind1=" " ind2=" ">
   <subfield code="a">Jakarta :</subfield>
   <subfield code="b">Bumi Aksara,</subfield>
   <subfield code="c">2004</subfield>
  </datafield>
  <datafield tag="300" ind1=" " ind2=" ">
   <subfield code="a">235 hlm. ;</subfield>
   <subfield code="c">21 cm.</subfield>
  </datafield>
  <datafield tag="520" ind1=" " ind2=" ">
   <subfield code="a">ILMU-ILMU PRILAKU Permasalahan utama yang dihadapi oleh banyak mahasiswa program sarjana dalam menyelesaikan studi antara lain adalah lemahnya kemampuan menyelenggarakan kerja penelitian untuk skripsi, mulai dari memilih dan merumuskan masalah, menyusun rancangan penelitian, menyusun instrumen, mengumpulkan data, sampal dengan menulis laporan penelitian. Permasalahan semacam itu ternyata (ada) banyak dialami oleh dosen-dosen yunior atau peneliti pemula yang menyelenggarakan penelitian dalam pelbagai cabang ilmu, terutama ilmu-ilmu prilaku. Materi bahan ajar Matakuliah Metodologi Penelitian dan Statistik yang mereka tempuh sebelumnya, dirasakan belum cukup sebagai modal dasar menyusun skripsi. Dosen-dosen yunior atau penelitian pemula pun tidak jarang menyelenggarakan penelitian yang secara metodologis belum dapat dip ertanggungj awabkan. Beberapa masalah mengganjal bagi akurasi kerja penelitian semacam itu, dirasakan juga oleh penulis buku ini. Buku ini ditulis sebagai sumbangsih penulis kepada calon sarjana atau peneliti pemula yang akan atau sedang melakukan kerja penelitian, di samping menambah referensi metodologi penelitian yang sudah ada. Kesulitan-kesulitan mahasiswa melakukan penelitian untuk skripsi, dan kesulitan peneliti pemula dalam menyelenggarakan penelitian untuk mengembangkan ilmunya, sebagian di antaranya dapat diatasi dengan membaca clan memahami isi buku ini. Sungguhpun demikian, para mahasiswa tidak dapat tidak harus berkonsultasi intensif dengan pembimbing dan koleganya demikian pula peneliti pemula harus berkonsultasi dengan seniornya. Materi sajian dalam buku ini, kalaupun lebih berciri metodologi penelitian untuk ilmu-ilmu prilaku, akan tetapi tidak lepas dari kerangka metodologi penelitian untuk ilmu-ilmu sosial. Oleh karena itu, teori metodologi penelitian sosial banyak mewarnai isi buku ini. Sesuai dengan sifatnya sebagai pengantar, bagian awal dari buku ini antara lain membahas masalah skema dasar klasifikasi dan prosedur penelitian keprilakuan, metodologi ilmiah, dan kedudukan fakta dalam penelitian. Konsep dan metode studi ilmu-ilmu keprilakuan, strategi memilih clan merumuskan masalah, penelusuran pustaka, populasi dan sampel penelitian, asumsi dan hipotesis, serta konsep hubungan antar variabel dibahas pada bagian berikutnya. Kerangka dasar usul penelitian balk untuk mahasiswa maupun dosen atau peneliti pemula, sertaa pengembangan instrumen penelitian clan validasinya, dibahas secara relatif mendetail. Bagian akhir dari buku ini menguraikan masalah aturanaturan teknis penyusunan laporan penelitian dan teknik menulis naskah untuk majalah. Buku ini ditulis dengan serba keterbatasan, baik lingkup dan kedalaman materi maupun bahasanya. Keterbatasan-keterbatasan buku ini terlalu banyak untuk dituangkan di sini sekaligus, barang -all inilah ciri utama dari sebuah buku pengantar. (libra)</subfield>
  </datafield>
  <datafield tag="650" ind1=" " ind2="4">
   <subfield code="a">Penelitian</subfield>
  </datafield>
  <datafield tag="650" ind1=" " ind2="4">
   <subfield code="a">Perilaku Manusia</subfield>
  </datafield>
  <datafield tag="990" ind1=" " ind2=" ">
   <subfield code="a">036363</subfield>
  </datafield>
  <datafield tag="990" ind1=" " ind2=" ">
   <subfield code="a">036365</subfield>
  </datafield>
  <datafield tag="990" ind1=" " ind2=" ">
   <subfield code="a">036366</subfield>
  </datafield>
  <datafield tag="990" ind1=" " ind2=" ">
   <subfield code="a">036367</subfield>
  </datafield>
 </record>
</collection>
